LEADER 01299nam0 22002893i 450 001 SUN0092029 005 20121126021509.881 100 $a20121122d1982 |0latc50 ba 101 $alat$aGRC 102 $aDE 105 $a|||| ||||| 200 1 $aEpicuri epistulae tres et ratae sententiae a Laertio Diogene servatae$fEdidit P. von der Mühll$gaccedit Gnomologium Epicureum vaticanum 205 $aEditio stereotypa editionis primae$b1922 210 $aStutgardiae$cin aedibus B. G. Teubneri$d1982 215 $aX, 69 p.$d20 cm. 410 1$1001SUN0044566$12001 $aBibliotheca scriptorum Graecorum et Romanorum Teubneriana. - Leipzig$eTeubner. - Il luogo di pubblicazione varia nel tempo. 620 $dStuttgart$3SUNL001125 700 0$aEpicurus$3SUNV029381$0255012 702 1$aMühll$b, Peter : von der$3SUNV074285 712 $aTeubner$3SUNV001800$4650 790 0$aEpicuro$zEpicurus$3SUNV055808 801 $aIT$bSOL$c20181109$gRICA 912 $aSUN0092029 950 $aUFFICIO DI BIBLIOTECA DEL DIPARTIMENTO DI GIURISPRUDENZA$d00 CONS XVIII.Q.57 $e00 2228 995 $aUFFICIO DI BIBLIOTECA DEL DIPARTIMENTO DI GIURISPRUDENZA$h2228$kCONS XVIII.Q.57$oc$qa 996 $aEpistulae$921734 997 $aUNICAMPANIA